Народное восстание 1857-1859 г. г. в Индии и английское общество

Detalles Bibliográficos
Autor Principal: Юрлова Т. Ф. Татьяна Феликсовна
Autor Corporativo: Академия наук СССР (АН СССР) Институт востоковедения (ИВ)
Idioma:ruso
Publicado: Москва, Наука, 1991
Subjects:
Formato: MixedMaterials Libro
KOHA link:https://koha.lib.tpu.ru/cgi-bin/koha/opac-detail.pl?biblionumber=203879

MARC

LEADER 00000nam0a2200000 4500
001 203879
005 20231031185928.0
010 |a 5020172170 
035 |a (RuTPU)RU\TPU\book\222202 
090 |a 203879 
100 |a 20111114d1991 m y0rusy50 ca 
101 0 |a rus 
102 |a RU 
105 |a y z 001zy 
200 1 |a Народное восстание 1857-1859 г. г. в Индии и английское общество  |f Т. Ф. Юрлова  |g Академия наук СССР (АН СССР), Институт востоковедения (ИВ) 
210 |a Москва  |c Наука  |d 1991 
215 |a 143 с. 
320 |a Библиогр.: с. 129-138. 
610 1 |a история 
610 1 |a Индия 
610 1 |a народные восстания 
610 1 |a английское общество 
610 1 |a 19 век 
686 |a Т3(5Ид)  |v LBC/SL-A  |2 rubbk 
700 1 |a Юрлова  |b Т. Ф.  |g Татьяна Феликсовна 
712 0 2 |a Академия наук СССР (АН СССР)  |b Институт востоковедения (ИВ)  |c (Москва)  |2 stltpush  |3 (RuTPU)RU\TPU\col\11263 
801 1 |a RU  |b 63413507  |c 20111114 
942 |c BK